Guess the Taylor Swift Song (Speak Now TV) 17 - Statistics

General Stats
  • This quiz has been taken 7 times
  • The average score is 337 of 458
Answer Stats
Answer % Correct
are
100%
are,
100%
come
100%
could
100%
for
100%
he
100%
I
100%
I'll
100%
I'm
100%
in
100%
It
100%
it's
100%
La
100%
la
100%
me
100%
mine
100%
My
100%
my
100%
never
100%
No,
100%
not
100%
on
100%
one
100%
one,
100%
said
100%
say,
100%
say
100%
take
100%
That
100%
the
100%
The
100%
then
100%
to
100%
too
100%
You
100%
"You
100%
you
100%
your
100%
you're
100%
ain't
75%
Ain't
75%
all
75%
And
75%
and
75%
been
75%
But
75%
but
75%
can't
75%
Cause
75%
day
75%
every
75%
get
75%
give
75%
gonna
75%
got
75%
hand
75%
hands
75%
head
75%
her
75%
how
75%
"How
75%
is
75%
know
75%
learn
75%
long
75%
love
75%
Now
75%
now
75%
of
75%
really
75%
right
75%
see
75%
should've
75%
signs?"
75%
table,
75%
this
75%
This
75%
thoughts
75%
wasn't
75%
we're
75%
what
75%
when
75%
When
75%
will
75%
you'll
75%
yours
75%
you've
75%
about
50%
act
50%
again
50%
already
50%
around
50%
best
50%
cards
50%
Chances
50%
chances
50%
checkin'
50%
confessions
50%
do
50%
done,
50%
Don't
50%
down
50%
fine
50%
Foolish
50%
forget
50%
goodbye
50%
had
50%
hard
50%
haven't
50%
he's
50%
high
50%
just
50%
keep
50%
laugh
50%
like
50%
mailbox
50%
maybe,
50%
maybe
50%
myself
50%
Oh,
50%
oh
50%
older
50%
Ooh,
50%
or
50%
out
50%
out,
50%
Over
50%
plans
50%
round
50%
Sayin',
50%
seem
50%
Sittin'
50%
sleep
50%
something
50%
starts
50%
Stop
50%
talk
50%
these
50%
They
50%
thinkin'
50%
tonight,
50%
waitin'
50%
waiting
50%
walkin'
50%
watching
50%
way,
50%
way
50%
why
50%
with
50%
arm
25%
attention
25%
block
25%
bulletproof
25%
call
25%
called
25%
coffee
25%
delicate,
25%
enough
25%
exception
25%
finally
25%
glances,
25%
hopes
25%
instead
25%
intentions
25%
lesson"
25%
lesson
25%
longing
25%
mention
25%
mornin'
25%
news
25%
reason
25%
ring
25%
screamin'
25%
she'll
25%
shoulder
25%
silence
25%
situation
25%
slidin'
25%
someday,
25%
something's
25%
tellin'
25%
voices
25%
wall
25%
we'll
25%
while
25%
wings
25%
Wishful
25%
written
25%
No matching quizzes found
Score Distribution
Percent of People with Each Score
Percentile by Number Answered
Your Score History
You have not taken this quiz